[Event "DVM U16 2023"]
[Site "Magdeburg GER"]
[Date "2023.12.27"]
[Round "1"]
[White "Radeke, Timothy"]
[Black "Berresheim, Nils"]
[Result "1-0"]
[Termination "normal"]
[Board "8.2"]
[WhiteElo "1504"]
[BlackElo "1772"]
[WhiteClock "00:32:11"]
[BlackClock "00:18:23"]
[WhiteTeam "SG Grün-Weiß Dresden"]
[BlackTeam "SF Essen-Katernberg 04/32"]
[PlyCount "85"]
[WhiteFideId "16289412"]
[BlackFideId "16246306"]
[EventCountry "GER"]
[EventRounds "7"]
[EventType "team-swiss"]
[EventDate "2023.12.26"]

1. e4 {[%clk 01:30:57]} {[%emt 00:00:01]} c5 {[%clk 01:30:38]} {[%emt
00:00:23]} 2. Nc3 {[%clk 01:31:21]} {[%emt 00:00:06]} a6 {[%clk 01:30:41]}
{[%emt 00:00:27]} 3. g3 {[%clk 01:31:15]} {[%emt 00:00:37]} b5 {[%clk
01:30:09]} {[%emt 00:01:01]} 4. Bg2 {[%clk 01:31:26]} {[%emt 00:00:20]} Bb7
{[%clk 01:29:33]} {[%emt 00:01:07]} 5. d3 {[%clk 01:30:25]} {[%emt 00:01:29]}
e6 {[%clk 01:27:52]} {[%emt 00:02:14]} 6. Be3 {[%clk 01:25:09]} {[%emt
00:05:43]} Nf6 {[%clk 01:23:26]} {[%emt 00:04:57]} 7. f4 {[%clk 01:19:15]}
{[%emt 00:06:25]} Qc7 {[%clk 01:18:28]} {[%emt 00:05:27]} 8. Nge2 {[%clk
01:15:27]} {[%emt 00:04:20]} d5 {[%clk 01:13:59]} {[%emt 00:04:56]} 9. exd5
{[%clk 01:13:51]} {[%emt 00:02:06]} exd5 {[%clk 01:09:59]} {[%emt 00:04:31]}
10. d4 {[%clk 01:07:10]} {[%emt 00:07:11]} c4 {[%clk 01:05:16]} {[%emt
00:05:13]} 11. O-O {[%clk 01:02:37]} {[%emt 00:05:03]} Nbd7 {[%clk 00:58:38]}
{[%emt 00:07:09]} 12. f5 {[%clk 01:00:27]} {[%emt 00:02:39]} b4 {[%clk
00:54:05]} {[%emt 00:05:03]} 13. Nb1 {[%clk 00:57:59]} {[%emt 00:02:58]} Bd6
{[%clk 00:50:30]} {[%emt 00:04:04]} 14. c3 {[%clk 00:54:40]} {[%emt 00:03:50]}
a5 {[%clk 00:47:42]} {[%emt 00:03:18]} 15. a3 {[%clk 00:43:22]} {[%emt
00:11:47]} bxa3 {[%clk 00:42:46]} {[%emt 00:05:27]} 16. Nxa3 {[%clk 00:43:35]}
{[%emt 00:00:17]} Qb6 {[%clk 00:33:56]} {[%emt 00:09:20]} 17. Qc2 {[%clk
00:41:44]} {[%emt 00:02:21]} O-O {[%clk 00:32:24]} {[%emt 00:02:02]} 18. Nf4
{[%clk 00:35:15]} {[%emt 00:06:59]} Rfe8 {[%clk 00:29:31]} {[%emt 00:03:23]}
19. Rae1 {[%clk 00:32:50]} {[%emt 00:02:55]} Bc6 {[%clk 00:26:07]} {[%emt
00:03:55]} 20. Bf2 {[%clk 00:28:24]} {[%emt 00:04:56]} Rxe1 {[%clk 00:24:26]}
{[%emt 00:02:10]} 21. Rxe1 {[%clk 00:28:45]} {[%emt 00:00:09]} Rb8 {[%clk
00:24:39]} {[%emt 00:00:17]} 22. Nxc4 {[%clk 00:26:24]} {[%emt 00:02:50]} dxc4
{[%clk 00:18:52]} {[%emt 00:06:18]} 23. d5 {[%clk 00:26:43]} {[%emt 00:00:12]}
Qxb2 {[%clk 00:15:49]} {[%emt 00:03:32]} 24. Qxb2 {[%clk 00:26:57]} {[%emt
00:00:15]} Rxb2 {[%clk 00:16:11]} {[%emt 00:00:08]} 25. dxc6 {[%clk 00:27:19]}
{[%emt 00:00:09]} Ne5 {[%clk 00:14:05]} {[%emt 00:02:37]} 26. Rd1 {[%clk
00:21:32]} {[%emt 00:06:16]} Bc7 {[%clk 00:12:01]} {[%emt 00:02:35]} 27. Bd4
{[%clk 00:20:50]} {[%emt 00:01:10]} Rb8 {[%clk 00:05:40]} {[%emt 00:06:50]} 28.
Re1 {[%clk 00:05:55]} {[%emt 00:15:26]} Neg4 {[%clk 00:05:05]} {[%emt
00:01:04]} 29. Nd5 {[%clk 00:06:09]} {[%emt 00:00:17]} Nxd5 {[%clk 00:02:20]}
{[%emt 00:03:15]} 30. Bxd5 {[%clk 00:06:31]} {[%emt 00:00:08]} Nf6 {[%clk
00:02:13]} {[%emt 00:00:36]} 31. Bxc4 {[%clk 00:06:00]} {[%emt 00:01:01]} Bb6
{[%clk 00:01:06]} {[%emt 00:01:38]} 32. Re7 {[%clk 00:04:32]} {[%emt 00:01:58]}
Bxd4+ {[%clk 00:00:56]} {[%emt 00:00:40]} 33. cxd4 {[%clk 00:04:51]} {[%emt
00:00:11]} Rb1+ {[%clk 00:00:57]} {[%emt 00:00:29]} 34. Kg2 {[%clk 00:02:57]}
{[%emt 00:02:24]} Rc1 {[%clk 00:01:23]} {[%emt 00:00:03]} 35. Bxf7+ {[%clk
00:03:02]} {[%emt 00:00:26]} Kf8 {[%clk 00:01:45]} {[%emt 00:00:08]} 36. Rc7
{[%clk 00:03:19]} {[%emt 00:00:12]} a4 {[%clk 00:00:57]} {[%emt 00:01:19]} 37.
Be6 {[%clk 00:02:51]} {[%emt 00:00:57]} a3 {[%clk 00:01:00]} {[%emt 00:00:28]}
38. Rf7+ {[%clk 00:02:39]} {[%emt 00:00:41]} Ke8 {[%clk 00:01:30]} 39. c7
{[%clk 00:02:30]} {[%emt 00:00:40]} Rc3 {[%clk 00:00:41]} {[%emt 00:01:18]} 40.
Rxg7 {[%clk 00:02:21]} {[%emt 00:00:39]} Rc2+ {[%clk 00:00:44]} {[%emt
00:00:27]} 41. Kh3 {[%clk 00:02:22]} {[%emt 00:00:30]} a2 {[%clk 00:19:07]}
{[%emt 00:12:07]} 42. Bxa2 {[%clk 00:32:42]} {[%emt 00:00:10]} Nd7 {[%clk
00:18:23]} {[%emt 00:01:13]} 43. Be6 {[%clk 00:32:11]} {[%emt 00:01:01]} 1-0

[Event "DVM U16 2023"]
[Site "Magdeburg GER"]
[Date "2023.12.27"]
[Round "1"]
[White "Goldkuhle, Collin"]
[Black "Seymer, Adam"]
[Result "1/2-1/2"]
[Termination "normal"]
[Board "8.3"]
[WhiteElo "1715"]
[BlackElo "1694"]
[WhiteClock "00:52:39"]
[BlackClock "00:35:13"]
[WhiteTeam "SF Essen-Katernberg 04/32"]
[BlackTeam "SG Grün-Weiß Dresden"]
[PlyCount "53"]
[WhiteFideId "16271106"]
[BlackFideId "34651802"]
[EventCountry "GER"]
[EventRounds "7"]
[EventType "team-swiss"]
[EventDate "2023.12.26"]

1. e4 {[%clk 01:30:57]} {[%emt 00:00:04]} c5 {[%clk 01:30:53]} {[%emt
00:00:08]} 2. Nf3 {[%clk 01:31:13]} {[%emt 00:00:12]} d6 {[%clk 01:31:10]}
{[%emt 00:00:12]} 3. d4 {[%clk 01:31:37]} {[%emt 00:00:08]} cxd4 {[%clk
01:31:31]} {[%emt 00:00:09]} 4. Nxd4 {[%clk 01:32:04]} {[%emt 00:00:04]} Nf6
{[%clk 01:31:49]} {[%emt 00:00:10]} 5. Nc3 {[%clk 01:32:25]} {[%emt 00:00:08]}
a6 {[%clk 01:32:13]} {[%emt 00:00:07]} 6. g3 {[%clk 01:32:51]} {[%emt
00:00:05]} e5 {[%clk 01:31:40]} {[%emt 00:01:03]} 7. Nde2 {[%clk 01:32:43]}
{[%emt 00:00:37]} Be7 {[%clk 01:31:20]} {[%emt 00:00:49]} 8. Bg2 {[%clk
01:33:08]} {[%emt 00:00:06]} O-O {[%clk 01:30:38]} {[%emt 00:01:12]} 9. O-O
{[%clk 01:33:24]} {[%emt 00:00:15]} Nbd7 {[%clk 01:23:24]} {[%emt 00:07:43]}
10. h3 {[%clk 01:32:23]} {[%emt 00:01:31]} b5 {[%clk 01:20:09]} {[%emt
00:03:45]} 11. Nd5 {[%clk 01:29:36]} {[%emt 00:03:18]} Nxd5 {[%clk 01:19:44]}
{[%emt 00:00:54]} 12. Qxd5 {[%clk 01:27:29]} {[%emt 00:02:39]} Rb8 {[%clk
01:19:59]} {[%emt 00:00:15]} 13. Be3 {[%clk 01:19:44]} {[%emt 00:08:14]} Nb6
{[%clk 01:13:13]} {[%emt 00:07:15]} 14. Qd3 {[%clk 01:18:17]} {[%emt 00:01:57]}
Nc4 {[%clk 01:11:21]} {[%emt 00:02:23]} 15. Bc1 {[%clk 01:18:17]} {[%emt
00:00:31]} f5 {[%clk 00:57:43]} {[%emt 00:14:07]} 16. Nc3 {[%clk 01:13:42]}
{[%emt 00:05:04]} fxe4 {[%clk 00:53:36]} {[%emt 00:04:39]} 17. Bxe4 {[%clk
01:11:49]} {[%emt 00:02:23]} Bxh3 {[%clk 00:50:47]} {[%emt 00:03:18]} 18. Bxh7+
{[%clk 01:11:18]} {[%emt 00:01:01]} Kh8 {[%clk 00:51:09]} {[%emt 00:00:08]} 19.
Be4 {[%clk 01:06:06]} {[%emt 00:05:43]} Bg5 {[%clk 00:42:10]} {[%emt 00:09:28]}
20. Qe2 {[%clk 01:02:10]} {[%emt 00:04:25]} Bxc1 {[%clk 00:38:49]} {[%emt
00:03:51]} 21. Qh5+ {[%clk 01:02:13]} {[%emt 00:00:28]} Bh6 {[%clk 00:38:54]}
{[%emt 00:00:25]} 22. Qg6 {[%clk 01:01:43]} {[%emt 00:01:00]} Kg8 {[%clk
00:35:32]} {[%emt 00:03:52]} 23. Bd5+ {[%clk 01:01:59]} {[%emt 00:00:07]} Kh8
{[%clk 00:35:42]} {[%emt 00:00:27]} 24. Be4 {[%clk 01:02:10]} {[%emt 00:00:19]}
Kg8 {[%clk 00:35:39]} {[%emt 00:00:32]} 25. Bd5+ {[%clk 00:52:44]} {[%emt
00:09:57]} Kh8 {[%clk 00:34:59]} {[%emt 00:01:10]} 26. Be4 {[%clk 00:52:38]}
{[%emt 00:00:36]} Kg8 {[%clk 00:35:13]} {[%emt 00:00:16]} 27. Bd5+ {[%clk
00:52:39]} {[%emt 00:00:29]} 1/2-1/2

[Event "DVM U16 2023"]
[Site "Magdeburg GER"]
[Date "2023.12.27"]
[Round "1"]
[White "Koltyhin, Heorhii"]
[Black "Lüersen, Lukas"]
[Result "1/2-1/2"]
[Termination "normal"]
[Board "8.4"]
[WhiteElo "1502"]
[BlackElo "1677"]
[WhiteClock "00:42:47"]
[BlackClock "00:01:16"]
[WhiteTeam "SG Grün-Weiß Dresden"]
[BlackTeam "SF Essen-Katernberg 04/32"]
[PlyCount "50"]
[WhiteFideId "34127780"]
[BlackFideId "34628371"]
[EventCountry "GER"]
[EventRounds "7"]
[EventType "team-swiss"]
[EventDate "2023.12.26"]

1. e4 {[%clk 01:30:57]} {[%emt 00:00:03]} c5 {[%clk 01:30:36]} {[%emt
00:00:23]} 2. b4 {[%clk 01:30:38]} {[%emt 00:00:51]} cxb4 {[%clk 01:29:18]}
{[%emt 00:01:47]} 3. a3 {[%clk 01:29:51]} {[%emt 00:01:18]} d5 {[%clk
01:20:15]} {[%emt 00:09:32]} 4. exd5 {[%clk 01:26:16]} {[%emt 00:02:41]} Nf6
{[%clk 01:12:49]} {[%emt 00:09:19]} 5. Nf3 {[%clk 01:26:00]} {[%emt 00:00:44]}
Nxd5 {[%clk 01:10:48]} {[%emt 00:02:32]} 6. Bc4 {[%clk 01:24:15]} {[%emt
00:02:13]} e6 {[%clk 01:03:51]} {[%emt 00:07:28]} 7. axb4 {[%clk 01:22:13]}
{[%emt 00:02:32]} Bxb4 {[%clk 00:56:59]} {[%emt 00:07:22]} 8. Bb2 {[%clk
01:21:16]} {[%emt 00:01:28]} O-O {[%clk 00:53:50]} {[%emt 00:03:39]} 9. O-O
{[%clk 01:18:24]} {[%emt 00:03:22]} Nb6 {[%clk 00:45:12]} {[%emt 00:09:08]} 10.
Bd3 {[%clk 01:17:31]} {[%emt 00:01:20]} N8d7 {[%clk 00:40:06]} {[%emt
00:05:39]} 11. Qe2 {[%clk 01:16:45]} {[%emt 00:01:09]} Nf6 {[%clk 00:28:04]}
{[%emt 00:12:38]} 12. Nc3 {[%clk 01:14:32]} {[%emt 00:02:43]} Be7 {[%clk
00:20:28]} {[%emt 00:08:06]} 13. Ne4 {[%clk 01:13:58]} {[%emt 00:01:04]} Nbd5
{[%clk 00:20:05]} {[%emt 00:00:54]} 14. Be5 {[%clk 01:00:56]} {[%emt 00:13:29]}
Bd7 {[%clk 00:15:44]} {[%emt 00:04:54]} 15. Rab1 {[%clk 01:00:28]} {[%emt
00:00:54]} Bc6 {[%clk 00:15:05]} {[%emt 00:01:14]} 16. c4 {[%clk 01:00:08]}
{[%emt 00:00:49]} Nb6 {[%clk 00:12:06]} {[%emt 00:03:29]} 17. Nfg5 {[%clk
00:53:51]} {[%emt 00:06:42]} h6 {[%clk 00:07:48]} {[%emt 00:04:52]} 18. Nxf6+
{[%clk 00:53:43]} {[%emt 00:00:39]} Bxf6 {[%clk 00:07:52]} {[%emt 00:00:26]}
19. Bxf6 {[%clk 00:53:57]} {[%emt 00:00:16]} gxf6 {[%clk 00:01:15]} {[%emt
00:07:08]} 20. Nh7 {[%clk 00:51:36]} {[%emt 00:02:50]} Re8 {[%clk 00:00:49]}
{[%emt 00:00:56]} 21. Qe3 {[%clk 00:50:41]} {[%emt 00:01:23]} Kg7 {[%clk
00:00:45]} {[%emt 00:00:36]} 22. Qg3+ {[%clk 00:48:19]} {[%emt 00:02:49]} Kh8
{[%clk 00:00:59]} {[%emt 00:00:18]} 23. Qe3 {[%clk 00:47:55]} {[%emt 00:00:53]}
Kg7 {[%clk 00:01:00]} {[%emt 00:00:31]} 24. Qg3+ {[%clk 00:44:45]} {[%emt
00:03:39]} Kh8 {[%clk 00:01:16]} {[%emt 00:00:15]} 25. Qe3 {[%clk 00:42:47]}
{[%emt 00:02:28]} Kg7 1/2-1/2

[Event "DVM U16 2023"]
[Site "Magdeburg GER"]
[Date "2023.12.27"]
[Round "1"]
[White "Bergmann, Lennart"]
[Black "Englert, Luca"]
[Result "1-0"]
[Termination "normal"]
[Board "9.1"]
[WhiteElo "1612"]
[BlackElo "2149"]
[WhiteClock "00:19:45"]
[BlackClock "00:53:08"]
[WhiteTeam "VSG 1880 Offenbach"]
[BlackTeam "VfB Schach Leipzig"]
[PlyCount "104"]
[WhiteFideId "16270657"]
[BlackFideId "16293088"]
[EventCountry "GER"]
[EventRounds "7"]
[EventType "team-swiss"]
[EventDate "2023.12.26"]

1. e4 {[%clk 01:30:51]} {[%emt 00:00:09]} c5 {[%clk 01:30:55]} {[%emt
00:00:05]} 2. Nf3 {[%clk 01:31:15]} {[%emt 00:00:08]} d6 {[%clk 01:31:20]}
{[%emt 00:00:04]} 3. d4 {[%clk 01:31:32]} {[%emt 00:00:13]} cxd4 {[%clk
01:31:48]} {[%emt 00:00:02]} 4. Nxd4 {[%clk 01:31:55]} {[%emt 00:00:08]} Nf6
{[%clk 01:32:13]} {[%emt 00:00:05]} 5. f3 {[%clk 01:32:18]} {[%emt 00:00:06]}
e5 {[%clk 01:32:39]} {[%emt 00:00:04]} 6. Bb5+ {[%clk 01:32:43]} {[%emt
00:00:05]} Nbd7 {[%clk 01:33:00]} {[%emt 00:00:09]} 7. Nb3 {[%clk 01:32:11]}
{[%emt 00:01:03]} a6 {[%clk 01:33:22]} {[%emt 00:00:08]} 8. Be2 {[%clk
01:30:13]} {[%emt 00:02:28]} b5 {[%clk 01:32:09]} {[%emt 00:01:44]} 9. Nc3
{[%clk 01:26:20]} {[%emt 00:04:21]} Bb7 {[%clk 01:30:27]} {[%emt 00:02:12]} 10.
a3 {[%clk 01:19:56]} {[%emt 00:06:57]} Be7 {[%clk 01:28:31]} {[%emt 00:02:24]}
11. Be3 {[%clk 01:16:52]} {[%emt 00:03:34]} Rc8 {[%clk 01:26:21]} {[%emt
00:02:41]} 12. Qd2 {[%clk 01:07:32]} {[%emt 00:09:49]} O-O {[%clk 01:26:07]}
{[%emt 00:00:44]} 13. O-O {[%clk 00:59:33]} {[%emt 00:08:29]} Nb6 {[%clk
01:24:15]} {[%emt 00:02:22]} 14. Na5 {[%clk 00:45:22]} {[%emt 00:14:41]} Ba8
{[%clk 01:24:25]} {[%emt 00:00:21]} 15. Rfd1 {[%clk 00:44:51]} {[%emt
00:01:00]} d5 {[%clk 01:23:14]} {[%emt 00:01:42]} 16. exd5 {[%clk 00:42:40]}
{[%emt 00:02:41]} Nbxd5 {[%clk 01:23:27]} {[%emt 00:00:16]} 17. Nxd5 {[%clk
00:43:03]} {[%emt 00:00:08]} Nxd5 {[%clk 01:23:45]} {[%emt 00:00:12]} 18. Bf2
{[%clk 00:42:43]} {[%emt 00:00:50]} Nf4 {[%clk 01:24:01]} {[%emt 00:00:14]} 19.
Bf1 {[%clk 00:42:19]} {[%emt 00:00:54]} Qc7 {[%clk 01:17:21]} {[%emt 00:07:09]}
20. c4 {[%clk 00:40:49]} {[%emt 00:02:01]} Rfd8 {[%clk 01:08:44]} {[%emt
00:09:07]} 21. Qe1 {[%clk 00:39:23]} {[%emt 00:01:56]} Bc5 {[%clk 01:07:49]}
{[%emt 00:01:25]} 22. b4 {[%clk 00:37:02]} {[%emt 00:02:51]} Bxf2+ {[%clk
01:06:36]} {[%emt 00:01:43]} 23. Qxf2 {[%clk 00:35:48]} {[%emt 00:01:44]} e4
{[%clk 01:05:31]} {[%emt 00:01:35]} 24. cxb5 {[%clk 00:29:03]} {[%emt
00:07:15]} exf3 {[%clk 01:05:42]} {[%emt 00:00:18]} 25. b6 {[%clk 00:29:06]}
{[%emt 00:00:27]} fxg2 {[%clk 01:06:02]} {[%emt 00:00:10]} 26. Bxg2 {[%clk
00:27:41]} {[%emt 00:01:56]} Qe5 {[%clk 00:51:47]} {[%emt 00:14:44]} 27. b7
{[%clk 00:20:00]} {[%emt 00:08:12]} Bxb7 {[%clk 00:50:19]} {[%emt 00:01:57]}
28. Nxb7 {[%clk 00:15:42]} {[%emt 00:04:49]} Rxd1+ {[%clk 00:49:21]} {[%emt
00:01:28]} 29. Rxd1 {[%clk 00:14:37]} {[%emt 00:01:34]} h5 {[%clk 00:47:56]}
{[%emt 00:01:56]} 30. Re1 {[%clk 00:11:16]} {[%emt 00:03:50]} Qg5 {[%clk
00:45:46]} {[%emt 00:02:40]} 31. Qg3 {[%clk 00:09:58]} {[%emt 00:01:48]} Qf6
{[%clk 00:45:53]} {[%emt 00:00:23]} 32. Nc5 {[%clk 00:09:07]} {[%emt 00:01:21]}
h4 {[%clk 00:39:24]} {[%emt 00:06:59]} 33. Qf3 {[%clk 00:06:42]} {[%emt
00:02:55]} h3 {[%clk 00:30:29]} {[%emt 00:09:26]} 34. Bxh3 {[%clk 00:04:36]}
{[%emt 00:02:35]} Qh4 {[%clk 00:30:49]} {[%emt 00:00:10]} 35. Re3 {[%clk
00:03:01]} {[%emt 00:02:05]} Rd8 {[%clk 00:29:57]} {[%emt 00:01:22]} 36. Bf1
{[%clk 00:02:22]} {[%emt 00:01:09]} Rd2 {[%clk 00:28:18]} {[%emt 00:02:09]} 37.
Qg3 {[%clk 00:02:10]} {[%emt 00:00:43]} Qh6 {[%clk 00:27:55]} {[%emt 00:00:53]}
38. Ne4 {[%clk 00:01:45]} {[%emt 00:00:55]} Nh5 {[%clk 00:25:57]} {[%emt
00:02:28]} 39. Qg5 {[%clk 00:00:55]} {[%emt 00:01:20]} Qxg5+ {[%clk 00:23:56]}
{[%emt 00:02:31]} 40. Nxg5 {[%clk 00:01:20]} {[%emt 00:00:05]} g6 {[%clk
00:24:21]} {[%emt 00:00:05]} 41. Rf3 {[%clk 00:00:31]} {[%emt 00:01:18]} f5
{[%clk 00:24:17]} {[%emt 00:00:34]} 42. Bxa6 {[%clk 00:28:51]} {[%emt
00:02:11]} Nf6 {[%clk 00:54:15]} {[%emt 00:00:32]} 43. Rd3 {[%clk 00:24:44]}
{[%emt 00:04:37]} Rb2 {[%clk 00:54:08]} {[%emt 00:00:36]} 44. Bc4+ {[%clk
00:23:13]} {[%emt 00:02:01]} Kf8 {[%clk 00:53:43]} {[%emt 00:00:55]} 45. Rb3
{[%clk 00:20:41]} {[%emt 00:03:02]} Rc2 {[%clk 00:52:34]} {[%emt 00:01:39]} 46.
Bf1 {[%clk 00:20:35]} {[%emt 00:00:37]} Ng4 {[%clk 00:52:17]} {[%emt 00:00:47]}
47. h3 {[%clk 00:20:03]} {[%emt 00:01:02]} Ne5 {[%clk 00:51:23]} {[%emt
00:01:23]} 48. b5 {[%clk 00:20:11]} {[%emt 00:00:22]} Nd7 {[%clk 00:51:34]}
{[%emt 00:00:19]} 49. b6 {[%clk 00:20:20]} {[%emt 00:00:22]} Rc8 {[%clk
00:52:02]} {[%emt 00:00:02]} 50. b7 {[%clk 00:19:53]} {[%emt 00:00:57]} Rb8
{[%clk 00:52:31]} 51. Bg2 {[%clk 00:20:15]} {[%emt 00:00:07]} Nc5 {[%emt
00:01:09]} 52. Rb5 {[%clk 00:19:45]} Nd7 {[%clk 00:53:08]} {[%emt 00:00:13]}
1-0

[Event "DVM U16 2023"]
[Site "Magdeburg GER"]
[Date "2023.12.27"]
[Round "1"]
[White "Schön, Florian"]
[Black "Werner, Florin"]
[Result "1-0"]
[Termination "normal"]
[Board "9.2"]
[WhiteElo "1879"]
[BlackElo "1701"]
[WhiteTeam "VfB Schach Leipzig"]
[BlackTeam "VSG 1880 Offenbach"]
[PlyCount "71"]
[WhiteFideId "16259394"]
[BlackFideId "16250230"]
[EventCountry "GER"]
[EventRounds "7"]
[EventType "team-swiss"]
[EventDate "2023.12.26"]

1. e4 {[%emt 08:33:38]} e6 {[%emt 00:00:12]} 2. d4 d5 {[%emt 00:00:05]} 3. Nc3
{[%emt 00:00:02]} Nf6 {[%emt 00:00:04]} 4. Bg5 {[%emt 00:00:04]} Be7 {[%emt
00:00:05]} 5. e5 {[%emt 00:00:02]} Nfd7 {[%emt 00:00:04]} 6. h4 {[%emt
00:01:25]} h6 {[%emt 00:00:05]} 7. Bxe7 {[%emt 00:00:03]} Qxe7 {[%emt
00:00:07]} 8. Qg4 {[%emt 00:01:51]} O-O {[%emt 00:00:05]} 9. f4 {[%emt
00:09:05]} a6 {[%emt 00:00:16]} 10. O-O-O {[%emt 00:05:04]} f5 {[%emt
00:03:29]} 11. exf6 {[%emt 00:03:11]} Qxf6 {[%emt 00:00:25]} 12. g3 {[%emt
00:01:57]} c5 {[%emt 00:03:58]} 13. Bh3 {[%emt 00:21:01]} Nb6 {[%emt 00:17:27]}
14. dxc5 {[%emt 00:01:16]} Nc4 {[%emt 00:00:12]} 15. Qe2 {[%emt 00:00:54]} Nc6
{[%emt 00:02:53]} 16. Nf3 {[%emt 00:02:31]} b5 {[%emt 00:03:00]} 17. cxb6
{[%emt 00:01:10]} Rb8 {[%emt 00:00:05]} 18. Rhe1 {[%emt 00:04:15]} Nxb2 {[%emt
00:01:21]} 19. Bxe6+ {[%emt 00:23:15]} Bxe6 {[%emt 00:03:50]} 20. Qxe6+ {[%emt
00:00:15]} Qxe6 {[%emt 00:00:08]} 21. Rxe6 {[%emt 00:00:05]} Nxd1 {[%emt
00:00:16]} 22. Kxd1 {[%emt 00:05:18]} Rf6 {[%emt 00:13:10]} 23. Rxf6 {[%emt
00:05:15]} gxf6 {[%emt 00:00:07]} 24. Nxd5 {[%emt 00:01:20]} Kf7 {[%emt
00:00:50]} 25. Nd2 {[%emt 00:08:06]} Ne7 {[%emt 00:00:38]} 26. Nxe7 {[%emt
00:00:47]} Kxe7 {[%emt 00:00:07]} 27. Nc4 {[%emt 00:00:10]} Ke6 {[%emt
00:00:30]} 28. Kd2 {[%emt 00:00:52]} h5 {[%emt 00:00:34]} 29. Kc3 {[%emt
00:01:25]} Kd5 {[%emt 00:00:13]} 30. Kb4 {[%emt 00:00:42]} a5+ {[%emt
00:00:36]} 31. Kb5 {[%emt 00:00:52]} a4 {[%emt 00:01:01]} 32. Na5 {[%emt
00:00:53]} Kd6 {[%emt 00:07:25]} 33. c4 {[%emt 00:01:20]} Rc8 {[%emt 00:00:57]}
34. b7 {[%emt 00:00:39]} Rb8 {[%emt 00:00:13]} 35. Kb6 {[%emt 00:00:10]} a3
{[%emt 00:01:34]} 36. c5 {[%emt 00:00:44]} 1-0

[Event "DVM U16 2023"]
[Site "Magdeburg GER"]
[Date "2023.12.27"]
[Round "1"]
[White "Laux, Filip"]
[Black "Vecera, Fabio"]
[Result "1/2-1/2"]
[Termination "normal"]
[Board "9.3"]
[WhiteElo "1589"]
[BlackElo "1505"]
[WhiteClock "00:05:45"]
[BlackClock "00:04:11"]
[WhiteTeam "VSG 1880 Offenbach"]
[BlackTeam "VfB Schach Leipzig"]
[PlyCount "60"]
[WhiteFideId "16275730"]
[BlackFideId "16281705"]
[EventCountry "GER"]
[EventRounds "7"]
[EventType "team-swiss"]
[EventDate "2023.12.26"]

1. e4 {[%clk 01:30:56]} {[%emt 00:00:04]} Nf6 {[%clk 01:30:54]} {[%emt
00:00:07]} 2. Nc3 {[%clk 01:30:03]} {[%emt 00:01:23]} d5 {[%clk 01:31:18]}
{[%emt 00:00:06]} 3. exd5 {[%clk 01:29:19]} {[%emt 00:01:14]} Nxd5 {[%clk
01:31:46]} {[%emt 00:00:04]} 4. Nxd5 {[%clk 01:26:01]} {[%emt 00:03:46]} Qxd5
{[%clk 01:32:08]} {[%emt 00:00:09]} 5. Nf3 {[%clk 01:26:13]} {[%emt 00:00:18]}
Bg4 {[%emt 00:00:37]} 6. Be2 {[%clk 01:26:13]} {[%emt 00:00:29]} e5 {[%clk
01:31:54]} {[%emt 00:00:37]} 7. d3 {[%clk 01:23:20]} {[%emt 00:03:22]} Be7
{[%clk 01:29:34]} {[%emt 00:02:51]} 8. O-O {[%clk 01:20:50]} {[%emt 00:02:58]}
Be6 {[%clk 01:28:24]} {[%emt 00:01:40]} 9. Ng5 {[%clk 01:14:46]} {[%emt
00:06:35]} Bc8 {[%clk 01:10:34]} {[%emt 00:18:20]} 10. Bf3 {[%clk 01:05:05]}
{[%emt 00:10:10]} Qd8 {[%clk 01:06:06]} {[%emt 00:04:58]} 11. Ne4 {[%clk
01:03:56]} {[%emt 00:01:39]} O-O {[%clk 01:06:18]} {[%emt 00:00:19]} 12. Re1
{[%clk 00:57:57]} {[%emt 00:06:29]} Nc6 {[%clk 01:03:37]} {[%emt 00:03:11]} 13.
Ng3 {[%clk 00:55:42]} {[%emt 00:02:44]} f6 {[%clk 01:03:20]} {[%emt 00:00:48]}
14. Be4 {[%clk 00:48:26]} {[%emt 00:07:46]} Qe8 {[%clk 01:00:17]} {[%emt
00:03:33]} 15. c3 {[%clk 00:44:36]} {[%emt 00:04:20]} Qf7 {[%clk 00:52:49]}
{[%emt 00:07:58]} 16. Qf3 {[%clk 00:43:10]} {[%emt 00:01:56]} Qe8 {[%clk
00:40:21]} {[%emt 00:12:58]} 17. Nf5 {[%clk 00:42:10]} {[%emt 00:01:29]} Rb8
{[%clk 00:38:43]} {[%emt 00:02:08]} 18. Bxc6 {[%clk 00:40:10]} {[%emt
00:02:30]} bxc6 {[%clk 00:38:23]} {[%emt 00:00:50]} 19. Nxe7+ {[%clk 00:39:31]}
{[%emt 00:01:10]} Qxe7 {[%clk 00:38:52]} {[%emt 00:00:01]} 20. Qxc6 {[%clk
00:39:36]} {[%emt 00:00:25]} Rd8 {[%clk 00:37:27]} {[%emt 00:01:54]} 21. Qf3
{[%clk 00:29:55]} {[%emt 00:10:11]} Qf7 {[%clk 00:30:09]} {[%emt 00:07:49]} 22.
b3 {[%clk 00:26:54]} {[%emt 00:03:31]} Qg6 {[%clk 00:29:47]} {[%emt 00:00:52]}
23. Re3 {[%clk 00:21:23]} {[%emt 00:06:01]} Bf5 {[%clk 00:16:23]} {[%emt
00:13:54]} 24. Ba3 {[%clk 00:14:31]} {[%emt 00:07:22]} Rxd3 {[%clk 00:14:51]}
{[%emt 00:02:03]} 25. Rxd3 {[%clk 00:14:45]} {[%emt 00:00:16]} Bxd3 {[%clk
00:11:28]} {[%emt 00:03:53]} 26. Rd1 {[%clk 00:14:16]} {[%emt 00:00:56]} e4
{[%clk 00:10:47]} {[%emt 00:01:14]} 27. Qe3 {[%clk 00:13:22]} {[%emt 00:01:24]}
a6 {[%clk 00:04:43]} {[%emt 00:06:34]} 28. Qa7 {[%clk 00:08:16]} {[%emt
00:05:34]} Rc8 {[%clk 00:04:49]} {[%emt 00:00:25]} 29. Qb7 {[%clk 00:08:15]}
{[%emt 00:00:30]} Qg4 {[%clk 00:05:01]} {[%emt 00:00:19]} 30. f3 {[%clk
00:05:45]} {[%emt 00:03:00]} exf3 {[%clk 00:04:11]} {[%emt 00:01:20]} 1/2-1/2